| 000 | 00894nam0a22002411 4500 | ||
|---|---|---|---|
| 001 | rc\1173261 | ||
| 005 | 20260607030136.0 | ||
| 035 | _a(NLR Aleph) 006416114 | ||
| 090 |
_a5398502 _c5398502 |
||
| 100 | _a20041129d1980 |||y0rusy50 ca | ||
| 101 | 0 | _arus | |
| 102 | _aRU | ||
| 105 | _aa ||||||||| | ||
| 200 | 1 |
_aГоды, события, книги _eСтатьи, очерки, выступления _e[Пер. с узб.] _f[Вступ. статья В. Кожевникова] |
|
| 210 |
_aТашкент _cИзд-во лит. и искусства _d1980 |
||
| 215 |
_a215 с., 1 л. портр. _d21 |
||
| 300 | _aВ вып. дан. авт.: Камиль Нугманович Яшен | ||
| 700 | 1 |
_8rus _7ca _aЯшен _bК. _f1909-1997 _gКамиль _3RU\NLR\AUTH\7716955 _947 |
|
| 801 | 0 |
_aRU _bNLR _gpsbo |
|
| 801 | 1 |
_aRU _bELAR _2rusmarc |
|
| 852 |
_aNLR _j80-3/5433 |
||
| 942 | _cBOOK | ||
| 980 | _aNB | ||